Toutes les planètes des films Star Wars - Statistiques

Statistiques générales
  • Ce quiz a été pris 5 885 fois
    5 368 depuis la dernière actualisation
  • Le résultat moyen est 13 sur 47
Statistiques - réponses
Hint Réponse % Correct
1-2-3-4-6-9 Tatooine
97%
1-2-3-6 Naboo
86%
1-2-3-6 Coruscant
82%
5 Hoth
77%
6-9 Lune forestière d'Endor
76%
3-RO-9 Mustafar
76%
5-6 Dagobah
63%
2 Géonosis
63%
RO-4 Yavin 4
63%
2 Kamino
62%
5-6-9 Bespin
51%
7-9 Jakku
50%
3 Kashyyyk
45%
3 Aldorande
42%
9 Exegol
38%
3 Utapau
35%
7 Ilum
28%
3 Felucia
27%
RO Scarif
26%
8 Crait
22%
RO Jedha
22%
S Corellia
18%
S Kessel
17%
7 Takodana
17%
7-8-9 Ahch-To
14%
3 Mygeeto
13%
3 Cato Neimoidia
11%
7-8 D'Qar
9%
3 Polis Massa
9%
RO Eadu
7%
3 Saleucami
7%
8 Cantonica
6%
9 Kijimi
6%
9 Ajan Kloss
5%
9 Pasaana
5%
7 Hosnian Prime
4%
RO Wobani
3%
RO Anneau de Kafrene
2%
9 Kef Bir
2%
RO Lah'mu
2%
S Mimban
2%
S Savareen
2%
S Vandor
2%
9 Glacier de Sinta
1%
S Numidian Prime
1%
9 Cardovyte
0%
9 Niful
0%
Aucun quiz correspondant
Distribution des résultats
% des personnes avec chaque résultat
Percentile par nombre de réponses
Votre historique - résultats
Vous n’avez pas pris ce quiz depuis la dernière actualisation